000 01047nam0a22002411i 4500
001 rc\626792
005 20240726104048.0
035 _a(NLR Aleph) 005869328
090 _a5961987
_c5961987
100 _a20031121d1986 u |0rusy50 ca
101 0 _arus
102 _aRU
105 _ay |||||||||
200 1 _aРазвитие форм организации, планирования и управления производством в промышленности потребительской кооперации
_eНа прим. республик Сред. Азии
_eАвтореф. дис. на соиск. учен. степ. д. э. н.
_fЛенингр. фин.-экон. ин-т им. Н.А. Вознесенского
210 _aЛ.
_d1986
215 _a32 с.
320 _aСписок работ авт.: с. 31-32
333 _aДСП. Экз. № 096
700 1 _aИстамов
_bД.И.
_gДамир Истамович
801 0 _aRU
_bNLR
_gpsbo
801 1 _aRU
_bELAR
_2rusmarc
852 _aNLR
_j87-50К/1533
942 _cBOOK